000 00479nab a2200145Ia 4500
003 ES-SlBCS
005 20210601124320.0
008 140529s1990 xxu||||| |||| 00| 0 eng d
041 _aeng
100 1 _aSchaffer, Edward
_9139354
245 0 4 _aThe Protestant Ideology if the American University: Past and Future Prospects
_c Edward Schaffer
610 2 4 _aUniversidad Americana
_9139635
773 0 _tEducational Theory
_gvol. 40, nº. 1, 1990, págs. 19-34
_wRev1399
942 _cAR
999 _c512815
_d512815